000 00508nam a22001697a 4500
999 _c62539
_d62539
005 20241203111248.0
008 241203s2009 enk||||| |||| 00| 0 eng d
020 _a9781591846444x
041 _aeng
080 _a316.46 S-62
100 _aSinek, Simon
_923584
245 _aStart with Why:
_bHow Great Leaders Inspire Everyone to Take Action /
_cSimon Sinek.
264 _aNew York :
_bPortfolio,
_c2009.
300 _a246 p.;
_b21 cm.
653 _aლიდერობა
942 _2udc
_cᲬᲘᲒᲜᲘ